00234nam a2200097Ia 4500008004100000041000800041082001500049100001900064245002700083260002600110231212s1980 xx 000 0 und d aeng a621.384131 aSavelyev I. V. aQuestions and Problems aMascowbMir Pubc1980